| 000 | 00760nam a2200181Ia 4500 | ||
|---|---|---|---|
| 008 | 151202s9999||||xx |||||||||||||| ||und|| | ||
| 082 | _bPNVM-69917 | ||
| 100 | _aचाकूरकर राघवेंद्र. | ||
| 245 | _aतुमची दृष्टी तुमच्या हातात. | ||
| 260 | _b"नवचैतन्य प्रकाशन,बोरोवली." | ||
| 260 | _c69917 | ||
| 300 | _a79 | ||
| 600 | _aचाकूरकर राघवेंद्र. | ||
| 630 | _aतुमची दृष्टी तुमच्या हातात. | ||
| 700 | _aचाकूरकर राघवेंद्र. | ||
| 730 | _aतुमची दृष्टी तुमच्या हातात. | ||
| 942 | _cBOOK | ||
| 999 |
_c1336427 _d1336424 |
||